| 000 | 00653nam a22002057a 4500 | ||
|---|---|---|---|
| 003 | OSt | ||
| 005 | 20160818134800.0 | ||
| 008 | 160818b xxu||||| |||| 00| 0 eng d | ||
| 020 | _a9781607950509 | ||
| 020 | _a1607950502 | ||
| 040 | _cDNLM. | ||
| 082 | _aWG142R619m 2010. | ||
| 100 |
_aEskandari,K.Mark;Pearce,H.William;Yao,S.T.James; _910768 |
||
| 245 |
_aModern Trends In Vascular Surgery: _bThe Ischemic Extemity:New Findings and Treatment. |
||
| 260 |
_aUSA. _bPeoples Medical Publishing House. _c2010 |
||
| 300 |
_axvi,556p; _bill; _c26cm. |
||
| 504 | _aIncludes Index and References. | ||
| 650 |
_aVascular Surgery. _910769 |
||
| 942 |
_2z _cO_SHELF |
||
| 999 |
_c5027 _d5027 |
||